| 000 | 00454nam a22001817a 4500 | ||
|---|---|---|---|
| 005 | 20260331125718.0 | ||
| 008 | 260331b|||||||| |||| 00| 0 eng d | ||
| 020 | _a 978-9347285080 | ||
| 041 | _aeng | ||
| 082 | _a305.80954 ROY-M | ||
| 100 |
_aROY, S.C. _98912 |
||
| 245 | _aTHE MUNDAS AND THEIR COUNTRY | ||
| 250 | _a5TH RE. P ED., 2022 | ||
| 260 |
_bCROWN PUBLICATION _c2022 |
||
| 300 | _a392;P | ||
| 650 |
_aBHARTIYA GYAN PARAMPARA _98906 |
||
| 942 | _cBK | ||
| 999 |
_c9105 _d9103 |
||